Karnāṭaka Mr̥cchakaṭika prakaraṇaṃ / (Record no. 72484)

MARC details
000 -LEADER
fixed length control field 00802cam a2200241 i 4500
001 - CONTROL NUMBER
control field sa 67001241
003 - CONTROL NUMBER IDENTIFIER
control field DLC
005 - DATE AND TIME OF LATEST TRANSACTION
control field 20260227112321.0
008 - FIXED-LENGTH DATA ELEMENTS--GENERAL INFORMATION
fixed length control field 840912s1940 ii 000 0 kano
010 ## - LIBRARY OF CONGRESS CONTROL NUMBER
LC control number sa 67001241
040 ## - CATALOGING SOURCE
Original cataloging agency DLC
Transcribing agency DLC
Modifying agency DLC
041 1# - LANGUAGE CODE
Language code of text/sound track or separate title kan
Language code of original san
050 00 - LIBRARY OF CONGRESS CALL NUMBER
Classification number PK3798.S91
Item number M76
100 0# - MAIN ENTRY--PERSONAL NAME
Personal name Śūdraka.
240 10 - UNIFORM TITLE
Uniform title Mr̥cchakaṭika.
Language of a work Kannada
245 10 - TITLE STATEMENT
Title Karnāṭaka Mr̥cchakaṭika prakaraṇaṃ /
Statement of responsibility, etc. Nañjanagūḍu Subbaśāstrigaḷavarinda viracitavādudu.
260 ## - PUBLICATION, DISTRIBUTION, ETC.
Place of publication, distribution, etc. Maisūru :
Name of publisher, distributor, etc. Gaurnameṇṭ Brānc Pres Asisṭeṇṭ Sūpariṇṭiṇḍeṇṭarinda mudrisalpaṭṭitu,
Date of publication, distribution, etc. 1940.
300 ## - PHYSICAL DESCRIPTION
Extent 135 p. ;
Dimensions 22 cm.
500 ## - GENERAL NOTE
General note A play.
500 ## - GENERAL NOTE
General note In Kannada.
700 1# - ADDED ENTRY--PERSONAL NAME
Personal name Subbaśāstri, Nañjanagūḍu.
740 0# - ADDED ENTRY--UNCONTROLLED RELATED/ANALYTICAL TITLE
Uncontrolled related/analytical title Mr̥cchakaṭika prakaraṇaṃ.

No items available.

Powered by Koha